| 000 | 00879nas a2200289 4500 | ||
|---|---|---|---|
| 001 | BR2011001524 | ||
| 003 | BR-BrBNA | ||
| 005 | 20231205114510.0 | ||
| 007 | ta | ||
| 008 | 230509b bl.|||p| |||| 00| 00por d | ||
| 040 |
_aBR-BrBNA _bpor _cBiblioteca Nacional de Agricultura |
||
| 041 | _a(Pt) | ||
| 072 | _aF70; F62 | ||
| 100 | 1 | _aAlves, E.O. | |
| 100 | 1 | _aMota, J.H. | |
| 100 | 1 | _aSoares, T.S. | |
| 100 | 1 | _aVieira, M. do C. | |
| 245 | 1 | _aCrescimento e distribuição espacial de Croton urucurana Baill. em Dourados- MS | |
| 650 | _aPLANTA MEDICINAL | ||
| 650 | _aDISTRIBUIÇÃO GEOGRÁFICA | ||
| 650 | _aCRESCIMENTO | ||
| 650 | _aTAXONOMIA VEGETAL | ||
| 650 | _aMATO GROSSO DO SUL | ||
| 773 | 0 |
_tRevista Caatinga (Brazil) _xISSN 0100-316X _g(Jan-Mar 2008), v. 21(1) p. 83-88 _wBR2011001524 |
|
| 909 |
_a202311 _bLúcia _c55 _dLúcia Elande |
||
| 942 |
_2AGRIS _n0 _cANA |
||
| 999 |
_c209054 _d209054 |
||